Statistics for Cities that start with the letter B

Click here to take the quiz!

General Stats

  • This quiz has been taken 51 times
  • The average score is 12 of 15

Answer Stats

HintAnswer% Correct
Capital of ChinaBeijing
98%
Capital of RomaniaBucharest
98%
Capital of HungaryBudapest
98%
City once split in half, by the Soviets and the WestBerlin
94%
City in Massachusetts known for Irish cultureBoston
94%
Capital of Yugoslavia, until 2006Belgrade
92%
Former name of MumbaiBombay
90%
Capital of QueenslandBrisbane
88%
Large City, on the Tigris RiverBaghdad
84%
One of the 3 Capitals of South AfricaBloemfontein
84%
City in New York, named after a species of of bisonBuffalo
80%
Largest City in MarylandBaltimore
73%
Second largest City in South KoreaBusan
71%
The real name of this City, is the longest City name in the WorldBangkok
39%
The largest centre of silk trade in the Byzantine EmpireBursa
29%

Score Distribution

Percentile by Number Answered

Percent of People with Each Score

Your Score History

You have not taken this quiz